Statistics for [路線図付き] 沖縄都市モノレール ゆいレール 駅名穴埋めクイズ

Click here to take the quiz!

General Stats

  • This quiz has been taken 85 times
  • The average score is 11 of 19

Answers on the Map

Answers color-coded by a green-red scale on the quiz's map according to % correct below.
 

Answer Stats

Answer% Correct
ゆいレール01那覇空港
97%
ゆいレール15首里
92%
ゆいレール07県庁前
76%
ゆいレール02赤嶺
74%
ゆいレール19てだこ浦西
74%
ゆいレール11おもろまち
67%
ゆいレール08美栄橋
56%
ゆいレール09牧志
54%
ゆいレール04奥武山公園
54%
ゆいレール03小禄
54%
ゆいレール18浦添前田
53%
ゆいレール06旭橋
50%
ゆいレール13市立病院前
46%
ゆいレール14儀保
46%
ゆいレール10安里
43%
ゆいレール05壺川
42%
ゆいレール17経塚
42%
ゆいレール16石嶺
40%
ゆいレール12古島
35%

Score Distribution

Percentile by Number Answered

Percent of People with Each Score

Your Score History

You have not taken this quiz